00847cam a2200217Mi 450000500170000000800410001702000180005802000180007603500210009404000500011504100080016524501450017326000680031830000400038650400530042665000240047965000240050365000510052770000260057870000250060420150605065147.0150605s2014 enka frb 001 0 eng d a9780191784880 a9780198716365 a(OCoLC)898328284 aCO-BoUCMbspacJose A. GerenadJose A. Gerena0 aeng04aThe problem-solving capacity of the modern statebgovernance challenges and administrative capacitiesceditado por Martin Lodge, Kai Wegrich aOxford (Oxfordshire, Inglaterra)bOxford University pressc2014 axviii, 308 páginasbilustraciones aIncluye referencias bibliográficas e índices 7aCiencia política  7aGobierno comparado  7aSolución de problemas xAspectos políticos1 aLodge, Martineeditor1 aWegrich, Kaieeditor